Visualizzazione normale
Vista MARC
di Personal Name
Records bibliografici associati: 1
001 - CONTROL NUMBER
- control field: 4731
003 - CONTROL NUMBER IDENTIFIER
- control field: IT-RoPau
005 - DATE AND TIME OF LATEST TRANSACTION
- control field: 20131201203207.0
008 - FIXED-LENGTH DATA ELEMENTS
- fixed length control field: 131201|| aca||aabn | a|a d
040 ## - CATALOGING SOURCE
- Original cataloging agency: IT-RoPau
- Transcribing agency: IT-RoPau
100 ## - HEADING--PERSONAL NAME
- Personal name:
- Miscellaneous information: Codice autore musica SPICS: 2180
670 ## - SOURCE DATA FOUND
- Source citation: Work cat.: (IT-RoPau)103611: Ravel Maurice 4729, Heure espagnole (L')